00577nam a2200145Ia 4500008004100000020002200041041000800063082002400071100002800095245004600123260003700169300000900206999001900215952019700234230411s9999 xx 000 0 und d a978-93-5025-553-7 aeng aMS/616.8/RAJ/B08930 aRaju P Shanmuga9179964 aHandbook of Neurological Physical Therapy bJaypee BrothersaNew Delhic2012 a143p c158320d158320 001040708MSaBTINbBTINd2018-12-04eJaypee Brothers Medical Publishersg295.00iMU/INV-I/18-00100l0oMS 616.8 RAJ B08930pBTIN-BK-8930r2023-04-11 00:00:00v200.60w2018-12-04yBKzB08930